[Event "Open Ricany 2013"]
[Site "Turnaj A"]
[Date "25.08.??"]
[Round "2.32"]
[White "Skvaril, Michal"]
[Black "Forman, Miroslav"]
[Result "1/2-1/2"]
[WhiteElo "1708"]
[BlackElo "1925"]
[PlyCount "39"]
[EventDate "25.??.??"]

1. e4 Nc6 2. Nf3 g5 3. h3 g4 4. hxg4 d5 5. exd5 Qxd5 6. Nc3 Qa5 7. d4 Bxg4 8.
Bb5 O-O-O 9. Bxc6 bxc6 10. Be3 e5 11. Qd2 Bxf3 12. gxf3 exd4 13. Bxd4 Bg7 14.
O-O-O Rxd4 15. Qe3 Rxd1+ 16. Rxd1 Bh6 17. f4 Nf6 18. Qh3+ Kb7 19. Qxh6 Qf5 20.
Qg5 1/2-1/2

[Event "Open Ricany 2013"]
[Site "Turnaj A"]
[Date "25.08.??"]
[Round "2.33"]
[White "Kindl, Frantisek"]
[Black "Svoboda, Jaroslav"]
[Result "1/2-1/2"]
[WhiteElo "1922"]
[BlackElo "1557"]
[PlyCount "76"]
[EventDate "25.??.??"]

1. Nf3 d5 2. c4 Nf6 3. g3 e6 4. cxd5 exd5 5. Bg2 c5 6. O-O Bd6 7. d4 Nc6 8. Nc3
cxd4 9. Nxd4 Be5 10. Nb3 d4 11. Nb5 O-O 12. f4 Bb8 13. N5xd4 Qb6 14. e3 Rd8 15.
Qc2 Nxd4 16. Nxd4 a6 17. a4 Ba7 18. Ra3 Rb8 19. Rd3 Bg4 20. h3 Bd7 21. Rfd1 Qa5
22. b3 Re8 23. Kh2 Ne4 24. g4 Rbc8 25. Qb2 h5 26. Bxe4 Rxe4 27. Qg2 Ree8 28.
Bd2 Qc5 29. Rc3 Qe7 30. Rxc8 Rxc8 31. gxh5 Bxd4 32. exd4 Rc2 33. Re1 Qh4 34.
Re2 Qxh5 35. Re5 Qd1 36. Re2 Bc6 37. d5 Bxd5 38. Qf2 Bc6 1/2-1/2

[Event "Open Ricany 2013"]
[Site "Turnaj A"]
[Date "25.08.??"]
[Round "2.34"]
[White "Sadil, Jan"]
[Black "Hadrana, Jaroslav"]
[Result "1/2-1/2"]
[WhiteElo "1630"]
[BlackElo "1915"]
[PlyCount "59"]
[EventDate "25.??.??"]

1. d4 e5 2. dxe5 Nc6 3. Nf3 Qe7 4. Nbd2 f6 5. exf6 Nxf6 6. g3 d5 7. Bg2 Be6 8.
O-O O-O-O 9. c3 h6 10. Nd4 Nxd4 11. cxd4 Qd7 12. Nf3 g5 13. Ne5 Qg7 14. Qa4 Kb8
15. Bd2 Bd6 16. Rac1 Bd7 17. Qa5 b6 18. Nxd7+ Rxd7 19. Qb5 Qf7 20. a4 Qe8 21.
e3 h5 22. a5 Rdh7 23. Qxe8+ Rxe8 24. axb6 axb6 25. Ra1 Kb7 26. Ra4 Kc6 27. Rfa1
g4 28. Ra8 Rxa8 29. Rxa8 h4 30. Bc3 1/2-1/2

[Event "Open Ricany 2013"]
[Site "Turnaj A"]
[Date "25.08.??"]
[Round "2.35"]
[White "Zavurkova, Monika"]
[Black "Paukert, Jana"]
[Result "1/2-1/2"]
[WhiteElo "1758"]
[BlackElo "1900"]
[PlyCount "74"]
[EventDate "25.??.??"]

1. Nc3 e5 2. Nf3 Nc6 3. e4 Nf6 4. Bc4 Nxe4 5. Nxe4 d5 6. Bxd5 Qxd5 7. Nc3 Qd8
8. O-O Bd6 9. d3 O-O 10. Bg5 Qe8 11. Re1 f6 12. Bd2 Qh5 13. Ne4 Bg4 14. Nxd6
cxd6 15. c3 Bxf3 16. Qxf3 Qxf3 17. gxf3 Kf7 18. Kf1 Rfe8 19. Re4 g6 20. Rh4 h5
21. a4 d5 22. a5 a6 23. b4 Ne7 24. b5 d4 25. c4 Nf5 26. Re4 Re7 27. Ree1 axb5
28. cxb5 Rc7 29. Rec1 Rac8 30. f4 Nd6 31. fxe5 Nxb5 32. Rxc7+ Rxc7 33. exf6
Kxf6 34. a6 bxa6 35. Rxa6+ Kf5 36. Kg2 Rd7 37. Kf3 Rd6 1/2-1/2

[Event "Open Ricany 2013"]
[Site "Turnaj A"]
[Date "25.8.2013"]
[Round "3.26"]
[White "Krejci, Martin"]
[Black "Mihal, Sergej"]
[Result "1-0"]
[WhiteElo "2005"]
[BlackElo "1771"]

1. e4 e5 2. Nf3 Nc6 3. Bb5 Nf6 4. O-O d6 5. Re1 Be7 6. c3 O-O 7. d3 h6 8. Nbd2
Nh7 9. d4 exd4 10. cxd4 Bg4 11. Qb3 Na5 12. Qd3 a6 13. Ba4 b5 14. Bc2 Bh5 15. b4
Nc6 16. a3 Bg6 17. d5 Bf6 18. Rb1 Ne5 19. Nxe5 Bxe5 20. Nf3 Bf6 21. Nd4 Re8
22. Bf4 Ng5 23. f3 Be5 24. Bxe5 dxe5 25. Nc6 Qd7 26. Qc3 f6 27. Rbc1 Nf7 28. Bb3
Nd6 29. Na5 Re7 30. Qc6 Ra7 31. Qxd7 Rxd7 32. Rc3 Kf8 33. Ba2 Be8 34. Rec1 Re7
35. g4 g6 36. Kf2 f5 37. gxf5 gxf5 38. Bb1 f4 39. Bd3 Kf7 40. Bf1 Kf6 41. Bh3
Rg7 42. Be6 h5 43. Rg1 Bg6 44. Rc6 Rh7 45. Bc8 Ra8 46. Bb7 Rb8 47. Rxa6 Kf7
48. Bc6 Nc8 49. Bxb5 Bxe4 50. fxe4 Rxb5 51. Re6 c5 52. Rxe5 cxb4 53. axb4 Rxb4
54. Rf5+ Ke8 55. Kf3 Ne7 56. Re5 Kf7 57. Rxe7+ Kxe7 58. Nc6+ 1-0

[Event "Open Ricany 2013"]
[Site "Turnaj A"]
[Date "25.8.2013"]
[Round "3.23"]
[White "Janacek, Jaroslav"]
[Black "Brcak, Marek"]
[Result "1-0"]
[WhiteElo "2038"]
[BlackElo "1902"]

1. e4 e5 2. Nf3 Nc6 3. Bb5 a6 4. Bxc6 dxc6 5. O-O Bg4 6. h3 h5 7. d3 Qf6 8. Be3
Bxf3 9. Qxf3 Qxf3 10. gxf3 Bd6 11. Nc3 Ne7 12. Ne2 Ng6 13. Kh1 O-O-O 14. Rg1
Rdg8 15. Rab1 c5 16. a3 Nf4 17. Bxf4 exf4 18. Rg5 g6 19. Rbg1 Be7 20. R5g2 Bf6
21. Nxf4 Bxb2 22. a4 Rd8 23. Rg5 c4 24. Rb1 cxd3 25. cxd3 Bd4 26. Kg2 c6 27. Kf1
Kb8 28. Rb3 Rhe8 29. Ne2 Bf6 30. Rc5 Rd6 31. f4 Bd4 32. Rc4 Red8 33. e5 Rd5
34. Rxc6 Ka7 35. Rc7 Bb6 36. Rxf7 Rxd3 37. Rxd3 Rxd3 38. e6 Rd6 39. Rf6 Rd1+
40. Kg2 Rd2 41. Kf3 Rd3+ 42. Ke4 Rd2 43. Nc3 Bd4 44. Nd5 Bxf6 45. Nxf6 Re2+
46. Kd5 Kb8 47. Kd6 Rd2+ 48. Nd5 Rxd5+ 49. Kxd5 Kc7 50. a5 Kd8 51. Kd6 h4
52. e7+ Ke8 53. Ke6 b5 54. axb6 1-0

[Event "Open Ricany 2013"]
[Site "Turnaj A"]
[Date "25.8.2013"]
[Round "3.27"]
[White "Svoboda, Jaroslav"]
[Black "Marsalek, Lubos"]
[Result "0-1"]
[WhiteElo "1557"]
[BlackElo "1997"]

1. e4 c5 2. Nf3 Nc6 3. d4 cxd4 4. Nxd4 Nf6 5. Nc3 d6 6. Bc4 e6 7. O-O Be7
8. Nxc6 bxc6 9. Be3 O-O 10. Bb3 Ba6 11. Re1 Qc7 12. Bf4 e5 13. Be3 Rad8 14. Qf3
Bc8 15. h3 Qb7 16. Ne2 d5 17. exd5 cxd5 18. Ng3 e4 19. Qe2 Be6 20. c3 Nd7
21. Bd4 Bc5 22. Qe3 Qb6 23. Nh5 Bxd4 24. cxd4 f5 25. Nf4 Nf6 26. Rac1 Rc8
27. Qg3 Bf7 28. Qe3 g5 29. Qg3 h6 30. Ne2 Rfe8 31. Rc3 Nh5 32. Qe3 f4 33. Qc1
Qb7 34. g4 Nf6 35. Qd2 e3 36. fxe3 Ne4 37. Qd3 f3 38. Rxc8 f2+ 39. Kf1 fxe1=Q+
40. Kxe1 Rxc8 41. h4 Qc7 42. hxg5 hxg5 43. Qb5 Qh2 0-1

[Event "Open Ricany 2013"]
[Site "Turnaj A"]
[Date "25.8.2013"]
[Round "3.1"]
[White "Vokac, Marek"]
[Black "Skacel, Jan"]
[Result "1/2-1/2"]
[WhiteElo "2458"]
[BlackElo "2075"]

1. c4 c5 2. g3 Nc6 3. Bg2 g6 4. Nc3 Bg7 5. Nf3 d6 6. O-O Nf6 7. a3 O-O 8. Rb1
Bf5 9. d3 Qc8 10. Re1 Bh3 11. Bh1 h6 12. Bd2 Rb8 13. b4 Re8 14. bxc5 dxc5
15. Nd5 Nh5 16. Qc1 Kh7 17. Bc3 Nd4 18. e3 Nxf3+ 19. Bxf3 Bg4 20. Bxg4 Qxg4
21. Bxg7 Nxg7 22. f3 Qg5 23. Qc3 Nh5 24. f4 Qg4 25. Kg2 Qd7 26. Qe5 e6 27. Qxh5
exd5 28. Qxd5 Qc7 29. Rb3 b6 30. Qf3 Rbd8 31. h4 Re7 32. h5 Rd6 33. hxg6+ fxg6
34. e4 Qd7 35. Re3 Qa4 36. Rc3 Qa5 37. Rc2 Qxa3 38. e5 Qa4 39. Rce2 Rde6 40. f5
gxf5 41. Qxf5+ Rg6 42. e6 Qe8 43. Qd5 Rf6 44. Qd6 Qa8+ 45. Kg1 Qf8 46. Kg2 Qa8+
47. Qd5 Qe8 48. Re4 Qg6 49. Qd6 Rg7 50. Rf2 Rxf2+ 51. Kxf2 Qf6+ 52. Rf4 Qb2+
53. Kf3 Qd2 54. Qd5 Qd1+ 55. Kg2 Qe2+ 56. Rf2 Qg4 57. Qe5 Qg5 58. Qd6 Qe7
59. Qd5 Qg5 60. Qe4+ Qg6 61. Qe3 Qg5 62. Rf3 Re7 63. Qe4+ Qg6 64. Rf6 Qxe4+
65. dxe4 Kg7 66. e5 a5 67. Kf3 a4 68. Ke4 Ra7 69. Kd5 a3 70. e7 Rxe7 71. Rxb6
Ra7 72. Rb1 a2 73. Ra1 Kf7 74. Kxc5 Ke6 75. Kd4 h5 76. Ke4 Ra4 77. Kd4 Ra3
1/2-1/2

[Event "Open Ricany 2013"]
[Site "Turnaj A"]
[Date "25.8.2013"]
[Round "3.8"]
[White "Vavrinec, Tomas"]
[Black "Kotzot, Jiri"]
[Result "1/2-1/2"]
[WhiteElo "2015"]
[BlackElo "2194"]

1. d4 d5 2. Nc3 Bf5 3. Nf3 e6 4. Bf4 Bd6 5. Bg3 a6 6. e3 Nc6 7. Bd3 Nge7 8. O-O
O-O 9. e4 dxe4 10. Nxe4 Bxg3 11. Nxg3 Bxd3 12. Qxd3 1/2-1/2

[Event "Open Ricany 2013"]
[Site "Turnaj A"]
[Date "25.8.2013"]
[Round "3.11"]
[White "Rihova, Kamila"]
[Black "Kohout, Vratislav"]
[Result "0-1"]
[WhiteElo "1687"]
[BlackElo "2112"]

1. e4 c5 2. Nf3 e6 3. d4 cxd4 4. Nxd4 Nf6 5. Nc3 d6 6. Be2 a6 7. a4 Qc7 8. O-O
Be7 9. Be3 Nbd7 10. Nb3 b6 11. f4 Bb7 12. Bf3 O-O 13. Qe1 d5 14. exd5 Nxd5
15. Nxd5 exd5 16. c3 Nc5 17. Nd4 Bf6 18. Qg3 Rfe8 19. Nf5 Ne4 20. Qe1 Rad8
21. Nd4 Nc5 22. Qd2 Qd7 23. a5 bxa5 24. Bd1 a4 25. Rf3 a5 26. Bc2 Ba6 27. Qd1
Rb8 28. Bxa4 Nxa4 29. Qxa4 Qxa4 30. Rxa4 Rxb2 31. Rxa5 Bc4 0-1

[Event "Open Ricany 2013"]
[Site "Turnaj A"]
[Date "25.8.2013"]
[Round "3.7"]
[White "Vykouk, Jan"]
[Black "Mejzlik, Ondreuj"]
[Result "1/2-1/2"]
[WhiteElo "2034"]
[BlackElo "2255"]

1. e4 c6 2. d4 d5 3. exd5 cxd5 4. Bd3 Nc6 5. c3 Nf6 6. Bf4 e6 7. Nf3 Bd6 8. Bg3
Qc7 9. Nbd2 Bd7 10. Qe2 Bxg3 11. hxg3 a6 12. Ne5 Nxe5 13. dxe5 Ng8 14. Rxh7 Rxh7
15. Bxh7 Ne7 16. Bd3 Nc6 17. f4 O-O-O 18. O-O-O Kb8 19. Kb1 Qb6 20. Nf3 1/2-1/2

[Event "Open Ricany 2013"]
[Site "Turnaj A"]
[Date "25.8.2013"]
[Round "3.34"]
[White "Koper, Stefan"]
[Black "Grecny, Karol"]
[Result "1-0"]
[WhiteElo "1992"]
[BlackElo "1934"]

1. d4 e6 2. e4 d5 3. e5 c5 4. c3 Nc6 5. Bb5 Bd7 6. Bxc6 Bxc6 7. Nf3 cxd4
8. Nxd4 Ne7 9. O-O Ng6 10. f4 Bc5 11. Nd2 Nh4 12. Nb3 Ba4 13. Kh1 h5 14. Qe1 Be7
15. g3 Ng6 16. f5 Nf8 17. fxe6 fxe6 18. Qf2 Qd7 19. Qf7+ Kd8 20. Qxg7 Rh7
21. Rxf8+ 1-0

[Event "Open Ricany 2013"]
[Site "Turnaj A"]
[Date "25.8.2013"]
[Round "3.12"]
[White "Mejzlik, Vojtech"]
[Black "Schmalz, Michal"]
[Result "1-0"]
[WhiteElo "2106"]
[BlackElo "2077"]

1. c4 Nf6 2. Nc3 e6 3. e4 d5 4. e5 Nfd7 5. cxd5 Nxe5 6. d4 Ng6 7. Bc4 exd5
8. Bxd5 Bd6 9. Nf3 O-O 10. O-O c6 11. Bb3 Bf5 12. Re1 Nd7 13. Bg5 Qb8 14. d5 c5
15. Nb5 Bf4 16. d6 Bxg5 17. Nxg5 Qd8 18. Nxf7 Rxf7 19. Nc7 Nge5 20. Bxf7+ Nxf7
21. Nxa8 Qxa8 22. Qd5 Bg6 23. Re7 Qc8 24. Rae1 Kf8 25. Qxb7 1-0

[Event "Open Ricany 2013"]
[Site "Turnaj A"]
[Date "25.8.2013"]
[Round "3.18"]
[White "Trepka, Jan"]
[Black "Sochor, Martin"]
[Result "1-0"]
[WhiteElo "2187"]
[BlackElo "1885"]

1. f4 f5 2. e4 e6 3. e5 g6 4. Nf3 Bg7 5. d4 Nh6 6. Bc4 Nf7 7. Be3 b6 8. d5 Qe7
9. Nc3 Ba6 10. Qe2 Qb4 11. Bxa6 Nxa6 12. O-O-O Nc5 13. a3 Qa5 14. Nb5 O-O 15. b4
Qa4 16. bxc5 exd5 17. Nxc7 bxc5 18. Nxd5 Rfb8 19. Qd3 c4 20. Qc3 Nd6 21. Ne7+
1-0

[Event "Open Ricany 2013"]
[Site "Turnaj A"]
[Date "25.8.2013"]
[Round "3.20"]
[White "Pycha, Patrik"]
[Black "Rut, Vojtech"]
[Result "1-0"]
[WhiteElo "1981"]
[BlackElo "2078"]

1. e4 c5 2. Nf3 Nc6 3. d4 cxd4 4. Nxd4 Nf6 5. Nc3 e5 6. Ndb5 d6 7. Bg5 a6
8. Na3 b5 9. Nd5 Be7 10. Bxf6 Bxf6 11. c4 b4 12. Nc2 Rb8 13. Qd3 Bg5 14. g3 O-O
15. Bg2 Kh8 16. O-O f5 17. exf5 Bxf5 18. Be4 g6 19. Nde3 Qd7 20. Rad1 Bxe4
21. Qxe4 b3 22. axb3 Rxb3 23. c5 Nd4 24. Nxd4 exd4 25. Qxd4+ Bf6 26. Qxd6 Qxd6
27. cxd6 Rxb2 28. Nd5 Kg7 29. Nc7 Re2 30. Nxa6 Rd8 31. Nc7 Kf7 32. Rd3 Be5
33. Rfd1 Rc2 34. Rf3+ Bf6 35. Rfd3 Be5 36. Nb5 Rc5 37. Rd5 Rxd5 38. Rxd5 Ke6
39. Nc7+ Kf6 40. f4 Bxd6 41. Rxd6+ Rxd6 42. Ne8+ Ke6 43. Nxd6 Kxd6 44. Kf2 Kd5
45. Ke3 h6 46. g4 h5 47. gxh5 gxh5 48. h4 Kd6 49. Ke4 Ke6 50. f5+ Kf7 51. Ke5
Ke7 52. f6+ Kf8 53. Kf5 Kf7 54. Kg5 Ke6 55. Kg6 1-0

[Event "Open Ricany 2013"]
[Site "Turnaj A"]
[Date "25.8.2013"]
[Round "3.21"]
[White "Trochta, Vojtech"]
[Black "Marikova, Jana"]
[Result "0-1"]
[WhiteElo "1724"]
[BlackElo "2045"]

1. e4 c5 2. Nf3 d6 3. d4 cxd4 4. Nxd4 Nf6 5. Nc3 a6 6. a4 e5 7. Nb3 Be6 8. Bg5
Be7 9. Bxf6 Bxf6 10. Nd5 Nd7 11. a5 O-O 12. Be2 Rc8 13. O-O Be7 14. c4 Kh8
15. Nd2 f5 16. f3 Bxd5 17. cxd5 b5 18. b4 Bg5 19. exf5 Be3+ 20. Kh1 Bd4 21. Rb1
Nf6 22. Nb3 Bc3 23. Nc1 Nh5 24. g4 Nf4 25. Bd3 Nxd5 26. Ne2 Ne3 27. Qb3 Nxf1
28. Rxf1 Bd2 29. Rd1 Bg5 30. Nc3 Qc7 31. Nd5 Qf7 32. Be4 Rc4 33. Nb6 Rc1 34. Qd3
Qc7 35. Nd5 Qc4 36. Rg1 Rc8 37. Qxc4 R8xc4 38. Nb6 0-1

[Event "Open Ricany 2013"]
[Site "Turnaj A"]
[Date "25.8.2013"]
[Round "3.25"]
[White "Havelka, Petr"]
[Black "Petras, Milan"]
[Result "1/2-1/2"]
[WhiteElo "1865"]
[BlackElo "2006"]

1. d4 e6 2. c4 Nf6 3. Nc3 Bb4 4. Qc2 c5 5. dxc5 Bxc5 6. e3 O-O 7. Nf3 d5
8. cxd5 Nxd5 9. Nxd5 Qxd5 10. Be2 Be7 11. O-O Nc6 12. a3 e5 13. e4 Qc5 14. Qxc5
Bxc5 15. b4 Bd4 16. Nxd4 Nxd4 17. Bc4 Be6 18. Bxe6 fxe6 19. Bg5 Rf7 20. f3 Rc8
21. Ra2 Rd7 22. Kf2 Rdc7 23. Rd1 Kf7 24. Rd3 Rc4 1/2-1/2

[Event "Open Ricany 2013"]
[Site "Turnaj A"]
[Date "25.8.2013"]
[Round "3.14"]
[White "Skala, Jaromir"]
[Black "Sharashenidze, Akaki"]
[Result "0-1"]
[WhiteElo "2011"]
[BlackElo "2349"]

1. d4 d5 2. c4 c6 3. Nf3 e6 4. Nc3 dxc4 5. a4 Bb4 6. e4 b5 7. Be2 Bb7 8. O-O a6
9. Bg5 Ne7 10. Qc2 h6 11. Bxe7 Qxe7 12. d5 Bxc3 13. Qxc3 O-O 14. dxe6 Qxe6
15. Nd4 Qf6 16. e5 Qxe5 17. Bf3 Qg5 18. Rfe1 Kh8 19. Re2 Nd7 20. Bxc6 Bxc6
21. Nxc6 Rae8 22. Rae1 Rxe2 23. Rxe2 Qd5 24. axb5 axb5 25. Nb4 Qf5 26. h3 Ra8
27. Re1 Nf6 28. Qe5 Qd7 29. Qc3 Qd6 30. Qf3 Rd8 31. Nc6 Qd2 32. Re2 Qd1+ 33. Kh2
Rd3 34. Re8+ Nxe8 35. Qxf7 Rd8 36. Qf8+ Kh7 0-1

[Event "Open Ricany 2013"]
[Site "Turnaj A"]
[Date "25.8.2013"]
[Round "3.30"]
[White "Konvalinka, Vladislav"]
[Black "Kindl, Frantisek"]
[Result "1-0"]
[WhiteElo "1886"]
[BlackElo "1922"]

1. d4 Nf6 2. c4 g6 3. Nc3 d5 4. Bg5 Ne4 5. Bh4 Nxc3 6. bxc3 Bg7 7. e3 O-O
8. Nf3 c5 9. cxd5 Qxd5 10. Bxe7 Re8 11. Bxc5 Nc6 12. Be2 b6 13. Bb4 Bb7 14. Qd3
Rad8 15. a3 Qd7 16. c4 Qg4 17. O-O Nxd4 18. exd4 Bxd4 19. h3 Qf4 20. Nxd4 Rxd4
21. Qc2 Bxg2 22. Kxg2 Qg5+ 23. Kh2 Qf4+ 24. Kh1 Qh4 25. Kg2 Qg5+ 26. Kh2 Qf4+
27. Kh1 Qh4 28. Qc3 Rxe2 29. Qg3 Qd8 30. Rfe1 Rxe1+ 31. Rxe1 Rxc4 32. Qe5 Qa8+
33. Kh2 Rc2 34. Qe8+ Qxe8 35. Rxe8+ Kg7 36. Kg3 a5 37. Be7 Rc3+ 38. f3 Rc6
39. Rb8 Re6 40. Rb7 b5 41. Bd8 a4 42. Ba5 Ra6 43. Bb4 Kf6 44. Rxb5 Ke6 45. Ra5
Rxa5 46. Bxa5 f5 47. Kf4 h6 48. h4 Kf6 49. Bc3+ Kf7 50. Ke5 Ke7 51. Bd2 h5 1-0

[Event "Open Ricany 2013"]
[Site "Turnaj A"]
[Date "25.8.2013"]
[Round "3.4"]
[White "Rydl, Jiri"]
[Black "Berg, Antonin"]
[Result "1-0"]
[WhiteElo "2090"]
[BlackElo "1826"]

1. e4 Nf6 2. e5 Nd5 3. d4 d6 4. c4 Nb6 5. exd6 cxd6 6. Nf3 g6 7. h3 Bg7 8. Nc3
O-O 9. Be2 Nc6 10. O-O e5 11. Be3 f5 12. d5 Ne7 13. Qb3 Kh8 14. Nd2 Nd7 15. f4
Nc5 16. Qc2 b6 17. Nf3 Bd7 18. b4 Ne4 19. fxe5 dxe5 20. Nxe4 fxe4 21. Qxe4 Nf5
22. Bf2 Nd6 23. Qe3 Qe8 24. g4 e4 25. Nd4 Nf7 26. Bg3 Qe7 27. Rab1 Rae8 28. Kg2
Kg8 29. a3 Rc8 30. Rbd1 Nd6 31. Rxf8+ Rxf8 32. c5 Nf7 33. d6 Qe8 34. Bc4 Kh8
35. Bd5 Ba4 36. Rf1 Bh6 37. Qxe4 Qxe4+ 38. Bxe4 Ng5 39. Be5+ 1-0

[Event "Open Ricany 2013"]
[Site "Turnaj A"]
[Date "25.8.2013"]
[Round "3.3"]
[White "Lacza, Tibor"]
[Black "Starek, Stanislav"]
[Result "1/2-1/2"]
[WhiteElo "2011"]
[BlackElo "2094"]

1. d4 Nf6 2. c4 e6 3. Nc3 d5 4. Nf3 c6 5. Bg5 Nbd7 6. e3 Qa5 7. Nd2 dxc4
8. Bxf6 Nxf6 9. Nxc4 Qg5 10. Qf3 Be7 11. Bd3 O-O 12. O-O c5 1/2-1/2

[Event "Open Ricany 2013"]
[Site "Turnaj A"]
[Date "25.8.2013"]
[Round "3.32"]
[White "Dungl, Marrtin"]
[Black "Zavurkova, Monika"]
[Result "1-0"]
[WhiteElo "2075"]
[BlackElo "1758"]

1. d4 Nf6 2. Nf3 e6 3. c4 d5 4. Nc3 Nbd7 5. Bg5 Be7 6. e3 O-O 7. Bd3 dxc4
8. Bxc4 b6 9. O-O Bb7 10. Qe2 Nd5 11. Bxe7 Nxe7 12. Rfd1 Qc8 13. Rac1 c5
14. dxc5 Nxc5 15. b4 Nd7 16. Bb5 Nf6 17. Nd5 Qxc1 18. Nxe7+ 1-0

[Event "Open Ricany 2013"]
[Site "Turnaj A"]
[Date "25.8.2013"]
[Round "3.28"]
[White "Franek, Martin"]
[Black "Hlina, Milos"]
[Result "1-0"]
[WhiteElo "1970"]
[BlackElo "1862"]

1. e4 d5 2. exd5 Qxd5 3. Nc3 Qd8 4. d4 c6 5. Bg5 Be6 6. Nge2 Na6 7. Nf4 Nc7
8. Nxe6 Nxe6 9. Be3 g6 10. d5 cxd5 11. Bb5+ 1-0

[Event "Open Ricany 2013"]
[Site "Turnaj A"]
[Date "25.8.2013"]
[Round "3.33"]
[White "Cabart, Pavel"]
[Black "Kolasin, Jan"]
[Result "0-1"]
[WhiteElo "1836"]
[BlackElo "2038"]

1. e4 e6 2. d4 d5 3. Nc3 Nf6 4. Bg5 Be7 5. e5 Nfd7 6. Bxe7 Qxe7 7. Qh5 a6
8. Nf3 c5 9. dxc5 Nxc5 10. O-O-O Nc6 11. Bd3 b5 12. Rhe1 Na4 13. Nxa4 bxa4
14. Qg4 a3 15. b3 g6 16. Qa4 Bd7 17. Qf4 Qc5 18. Qd2 Nb4 19. Kb1 a5 20. c4 a4
21. Nd4 Qxd4 0-1

[Event "Open Ricany 2013"]
[Site "Turnaj A"]
[Date "25.8.2013"]
[Round "3.13"]
[White "Hrdina, Robin"]
[Black "Havelka, Jan"]
[Result "1-0"]
[WhiteElo "2077"]
[BlackElo "1774"]

1. e4 c5 2. Nf3 d6 3. d4 cxd4 4. Nxd4 Nf6 5. Nc3 a6 6. Bc4 e6 7. Bb3 Be7 8. Be3
O-O 9. Qe2 b5 10. a3 Qc7 11. g4 Bb7 12. f3 Nc6 13. g5 Nxd4 14. Bxd4 Nh5 15. Be3
g6 16. O-O-O Rfc8 17. f4 d5 18. exd5 Nxf4 19. Qf2 Nxd5 20. Nxd5 exd5 21. Rxd5
Bxd5 22. Bxd5 Bd6 23. Rf1 Rf8 24. Bxa8 Rxa8 25. Bd4 Rc8 26. c3 Re8 27. Qf6 Be5
28. Re1 1-0

[Event "Open Ricany 2013"]
[Site "Turnaj A"]
[Date "25.8.2013"]
[Round "3.35"]
[White "Zamorsky, Ladislav"]
[Black "Pavlicek, Petr"]
[Result "0-1"]
[WhiteElo "1778"]
[BlackElo "1976"]

1. d4 Nf6 2. c4 e6 3. Nf3 d5 4. Nc3 Be7 5. cxd5 exd5 6. Bg5 O-O 7. e3 h6 8. Bh4
b6 9. Qa4 a5 10. Ne5 Bb7 11. Be2 Qd6 12. O-O c6 13. Bg3 Qb4 14. Qc2 a4 15. Nd3
Qa5 16. Rab1 Nbd7 17. b4 axb3 18. axb3 b5 19. Rfe1 Rfc8 20. b4 Qd8 21. Bf3 Ra3
22. Rb3 Rca8 23. Reb1 Nb6 24. Ne5 Nc4 25. Nxc4 bxc4 26. Rxa3 Rxa3 27. b5 Qa5
28. bxc6 Bxc6 29. Rb8+ Be8 30. h3 Qxc3 31. Qf5 Qa1+ 32. Kh2 Ra8 33. Rb7 Qa3
34. Be5 Rd8 35. Bxf6 Bxf6 36. Bxd5 Qd6+ 0-1

[Event "Open Ricany 2013"]
[Site "Turnaj A"]
[Date "25.8.2013"]
[Round "3.5"]
[White "Svatos, Jan"]
[Black "Misicko, Jan"]
[Result "1-0"]
[WhiteElo "2287"]
[BlackElo "2074"]

1. d4 Nf6 2. Bg5 g6 3. Bxf6 exf6 4. e3 Bg7 5. c3 O-O 6. Nd2 Re8 7. Ne2 b6
8. Nf4 Bb7 9. Bc4 g5 10. Nh5 Bxg2 11. Rg1 d5 12. Rxg2 dxc4 13. Qf3 Na6 14. Ne4
Re6 15. O-O-O Rb8 16. d5 Rd6 17. Neg3 Nc5 18. Nf5 Nd3+ 19. Kb1 Bh8 20. Nh6+ Kf8
21. Rxg5 Ke7 22. Qe4+ 1-0

[Event "Open Ricany 2013"]
[Site "Turnaj A"]
[Date "25.8.2013"]
[Round "3.15"]
[White "Postupa, Martin"]
[Black "Hanl, Frantisek"]
[Result "1-0"]
[WhiteElo "2260"]
[BlackElo "1964"]

1. e4 e6 2. d4 d5 3. e5 c5 4. c3 Nc6 5. Nf3 Qb6 6. a3 Bd7 7. b4 cxd4 8. cxd4
Rc8 9. Be2 Nge7 10. Bb2 Na5 11. Nc3 Nc4 12. Bxc4 dxc4 13. Ne4 Nd5 14. Rc1 a5
15. Nfd2 Qb5 16. Nc5 b6 17. Nxd7 Kxd7 18. Qf3 axb4 19. axb4 Qxb4 20. Bc3 Nxc3
21. Rxc3 Qa5 22. O-O Qd5 23. Qxf7+ Be7 24. Rfc1 b5 25. Nf1 Rhf8 26. Qh5 Rf5
27. Qxh7 Bg5 28. Qxg7+ Kc6 29. Ra1 Qxd4 30. Ra6+ Kc5 {[%xcpdma 1]} 31. Qa7+
{[%xcpdma 1]} 31... Kd5 32. Rd6+ 1-0

[Event "Open Ricany 2013"]
[Site "Turnaj A"]
[Date "25.8.2013"]
[Round "3.16"]
[White "Gregor, Jiri"]
[Black "Havlik, Frantisek"]
[Result "1-0"]
[WhiteElo "2253"]
[BlackElo "1986"]

1. d4 Nf6 2. c4 g6 3. Nc3 Bg7 4. e4 d6 5. f3 O-O 6. Be3 e5 7. d5 Nh5 8. Nge2 f5
9. Qd2 Rf7 10. O-O-O a6 11. Kb1 Bf8 12. Ka1 b5 13. cxb5 axb5 14. Nxb5 Nf6
15. Nec3 Na6 16. Bc4 Bd7 17. Na7 Nc5 18. Nc6 Qe8 19. Bxc5 dxc5 20. exf5 gxf5
21. Rhe1 e4 22. g4 Kh8 23. g5 Nh5 24. fxe4 f4 25. e5 Rf5 26. Qc2 Rxg5 27. e6
Bxc6 28. dxc6 f3 29. e7 Bg7 30. Qd2 f2 31. Qxg5 fxe1=Q 32. Rxe1 Nf6 33. Qxc5 Qg6
34. Bb3 Re8 35. a4 1-0

[Event "Open Ricany 2013"]
[Site "Turnaj A"]
[Date "25.8.2013"]
[Round "3.6"]
[White "Cap. Adam"]
[Black "Vorisek, Jaroslav"]
[Result "1/2-1/2"]
[WhiteElo "2050"]
[BlackElo "2276"]

1. e4 e5 2. Nf3 Nc6 3. Bc4 Bc5 4. O-O d6 5. h3 Nf6 6. Re1 Be6 7. Bxe6 fxe6
8. c3 Bb6 9. d4 exd4 10. cxd4 O-O 11. Nc3 Qe8 12. d5 Ne5 13. Nxe5 dxe5 14. Be3
Rd8 15. Bxb6 axb6 16. Qb3 exd5 17. exd5 Kh8 18. Rad1 Nh5 19. d6 Nf4 20. Nd5 Rxd6
21. Nxf4 Rxd1 22. Qxd1 Rxf4 23. Rxe5 Qg8 24. Qd7 Rf7 25. Re7 Rxe7 26. Qxe7 Qc8
27. h4 1/2-1/2

[Event "Open Ricany 2013"]
[Site "Turnaj A"]
[Date "25.8.2013"]
[Round "3.24"]
[White "Paukert, Jan"]
[Black "Postupa, Pavel sr."]
[Result "1/2-1/2"]
[WhiteElo "1900"]
[BlackElo "2017"]

1. d4 Nf6 2. Nf3 e6 3. g3 c5 4. Bg2 Nc6 5. O-O b6 6. c4 Bb7 7. Nc3 Nxd4 8. Nxd4
Bxg2 9. Nxe6 fxe6 10. Kxg2 Qc8 11. e4 Qc6 12. Qe2 Be7 13. Bf4 Rd8 14. Rad1 O-O
15. Kg1 g6 16. b3 Rf7 17. Qd3 Nh5 18. Bc1 d6 19. f4 Bf6 20. Ne2 Rfd7 21. a4 Ng7
22. g4 Be7 23. g5 Bf8 {Dale necitelne.} 1/2-1/2